000 00733nam a2200253Ia 4500
005 20250425162228.0
008 250425s9999 xx 000 0 und d
020 _a9978431969
041 _aspa
082 _a629.2
100 _aRUEDA SANTANDER, JESUS
245 0 _aTECNICO EN MECANICA Y ELECTRONICA AUTOMOTRIZ: ELECTRICIDAD Y ELECTRONICA DEL AUTOMÓVIL, INYECCION ELECTRONICA
250 _a1A ED.
260 _aEcuador
_bDISELI
_c2003
260 _aGUAYAQUIL
300 _a283
650 _aBOMBAS DE INYECCION
650 _aELECTRONICA AUTOMOTRIZ
650 _aINYECCION ELECTRONICA DE COMBUSTIBLE
650 _aSISTEMAS DE INYECCION
650 _aTECNOLOGIA AUTOMOVILISTICA
942 _c01
010 _a57970
999 _c224958
_d224958